00205nam a22000737a 4500008004100000082001500041245006700056300000800123230704b xxu||||| |||| 00| 0 eng d a364.1bACP aAnnual Survey on perception of corruption in Kenya (Year 2002) a59p